<?xml version="1.0" encoding="UTF-8"?>
<record
    xmlns:xsi="http://www.w3.org/2001/XMLSchema-instance"
    xsi:schemaLocation="http://www.loc.gov/MARC21/slim http://www.loc.gov/standards/marcxml/schema/MARC21slim.xsd"
    xmlns="http://www.loc.gov/MARC21/slim">

  <leader>03395njm a2200553Ia 4500</leader>
  <controlfield tag="001">20761</controlfield>
  <controlfield tag="003">IT-RoPAU</controlfield>
  <controlfield tag="005">20220918181123.0</controlfield>
  <controlfield tag="008">131025s9999    xx            000 0 und d</controlfield>
  <datafield tag="040" ind1=" " ind2=" ">
    <subfield code="a">IT-RoPAU</subfield>
  </datafield>
  <datafield tag="040" ind1=" " ind2=" ">
    <subfield code="c">IT-RoPAU</subfield>
  </datafield>
  <datafield tag="041" ind1=" " ind2=" ">
    <subfield code="a">ITALIANO</subfield>
  </datafield>
  <datafield tag="999" ind1=" " ind2=" ">
    <subfield code="c">99919</subfield>
    <subfield code="d">99919</subfield>
  </datafield>
  <datafield tag="999" ind1=" " ind2=" ">
    <subfield code="b">n.d.</subfield>
  </datafield>
  <datafield tag="100" ind1=" " ind2=" ">
    <subfield code="a">AA.VV.</subfield>
    <subfield code="9">794</subfield>
  </datafield>
  <datafield tag="100" ind1=" " ind2=" ">
    <subfield code="e">Autore musica</subfield>
    <subfield code="9">3008</subfield>
  </datafield>
  <datafield tag="100" ind1=" " ind2=" ">
    <subfield code="g">Codice autore musica SPICS: 12000</subfield>
    <subfield code="9">796</subfield>
  </datafield>
  <datafield tag="245" ind1=" " ind2=" ">
    <subfield code="a">Dai microfoni dell'Eiar</subfield>
  </datafield>
  <datafield tag="250" ind1=" " ind2=" ">
    <subfield code="a">2a ed.</subfield>
  </datafield>
  <datafield tag="260" ind1=" " ind2=" ">
    <subfield code="a">MILANO</subfield>
  </datafield>
  <datafield tag="260" ind1=" " ind2=" ">
    <subfield code="b">FRATELLI FABBRI EDITORI</subfield>
    <subfield code="c">1982 [1a Ed.:1970]</subfield>
  </datafield>
  <datafield tag="300" ind1=" " ind2=" ">
    <subfield code="a">DISCO</subfield>
  </datafield>
  <datafield tag="300" ind1=" " ind2=" ">
    <subfield code="c">25 minuti (Testo:  pag.)</subfield>
  </datafield>
  <datafield tag="500" ind1=" " ind2=" ">
    <subfield code="a">La canzone italiana. I divi degli anni '30. Serenata nostalgica, amore perduto, nostalgia, amore, giovent&#xF9;, primavera, desiderio, rimedio per amore, Carolina.</subfield>
  </datafield>
  <datafield tag="505" ind1=" " ind2=" ">
    <subfield code="a">Il pesce e l'uccellino (Kramer/Rastelli-Fioresi) (3:00)] - Serenata sentimentale [(Weersma/Lulli-Clerici) (4:00)] - Non sei pi&#xF9; la mia bambina [(Bracchi/D'Anzi-Lodi) (4:00)] - Cosa farai di me? [(Hess/Misraki/Rastelli/Panzeri) (4:00)] - E' arrivato l'ambasciatore [(Casiroli/Arcangeli-N.Natali) (4:00)] - Tu che ti chiami amor [(Casiroli/Rastelli-Masseglia) (4:00)] - Un'ora sola ti vorrei [(Marchetti/Bertini-Mingarelli) (3:00)] - Ti comprer&#xF2; l'armonica [(Ruccione/Zambrelli-Fioresi/Bonino) (4:00)]</subfield>
  </datafield>
  <datafield tag="511" ind1=" " ind2=" ">
    <subfield code="a">Fioresi Silvana</subfield>
  </datafield>
  <datafield tag="511" ind1=" " ind2=" ">
    <subfield code="a">Clerici Alfredo</subfield>
  </datafield>
  <datafield tag="511" ind1=" " ind2=" ">
    <subfield code="a">Lodi Delia</subfield>
  </datafield>
  <datafield tag="511" ind1=" " ind2=" ">
    <subfield code="a">Belleli Vittorio</subfield>
  </datafield>
  <datafield tag="511" ind1=" " ind2=" ">
    <subfield code="a">Natali Nuccia e Trio Lescano (Il)</subfield>
  </datafield>
  <datafield tag="511" ind1=" " ind2=" ">
    <subfield code="a">Masseglia Aldo</subfield>
  </datafield>
  <datafield tag="511" ind1=" " ind2=" ">
    <subfield code="a">Mingarelli Fedora</subfield>
  </datafield>
  <datafield tag="511" ind1=" " ind2=" ">
    <subfield code="a">Fioresi Silvana e Bonino Ernesto</subfield>
  </datafield>
  <datafield tag="650" ind1=" " ind2=" ">
    <subfield code="a">CANZONE ITALIAN [DISCHI]</subfield>
    <subfield code="e">Codice MATERIA SPICS: 9950</subfield>
    <subfield code="9">3009</subfield>
  </datafield>
  <datafield tag="700" ind1=" " ind2=" ">
    <subfield code="a">Rastelli Nino</subfield>
    <subfield code="d">Codice autore musica SPICS: 13482</subfield>
    <subfield code="e">Autore musica SPICS: 13482</subfield>
    <subfield code="p">Il pesce e l'uccellino - Tu che ti chiami amor - Cosa farai di me?</subfield>
    <subfield code="9">3010</subfield>
  </datafield>
  <datafield tag="700" ind1=" " ind2=" ">
    <subfield code="a">Kramer Gorni</subfield>
    <subfield code="d">Codice autore testo/musica SPICS: 11552</subfield>
    <subfield code="e">Autore testo/musica</subfield>
    <subfield code="p">Il pesce e l'uccellino</subfield>
    <subfield code="9">3011</subfield>
  </datafield>
  <datafield tag="700" ind1=" " ind2=" ">
    <subfield code="a">Lulli Jean-Baptiste</subfield>
    <subfield code="d">Codice autore musica SPICS: 10679</subfield>
    <subfield code="e">Autore musica</subfield>
    <subfield code="p">Serenata sentimentale</subfield>
    <subfield code="9">3012</subfield>
  </datafield>
  <datafield tag="700" ind1=" " ind2=" ">
    <subfield code="a">Weersma</subfield>
    <subfield code="d">Codice autore testo/musica SPICS: 13506</subfield>
    <subfield code="e">Autore testo/musica</subfield>
    <subfield code="p">Serenata sentimentale</subfield>
    <subfield code="9">3013</subfield>
  </datafield>
  <datafield tag="700" ind1=" " ind2=" ">
    <subfield code="a">D'Anzi Giovanni</subfield>
    <subfield code="d">Codice autore musica SPICS: 13458</subfield>
    <subfield code="e">Autore musica</subfield>
    <subfield code="p">Non sei pi&#xF9; la mia bambina</subfield>
    <subfield code="9">3014</subfield>
  </datafield>
  <datafield tag="700" ind1=" " ind2=" ">
    <subfield code="a">Bracchi Alfredo</subfield>
    <subfield code="d">Codice autore testo/musica SPICS: 13448</subfield>
    <subfield code="e">Autore testo/musica</subfield>
    <subfield code="p">Non sei pi&#xF9; la mia bambina</subfield>
    <subfield code="9">3015</subfield>
  </datafield>
  <datafield tag="700" ind1=" " ind2=" ">
    <subfield code="a">Panzeri Mario</subfield>
    <subfield code="d">Codice autore musica SPICS: 13372</subfield>
    <subfield code="e">Autore musica</subfield>
    <subfield code="p">Cosa farai di me?</subfield>
    <subfield code="9">3016</subfield>
  </datafield>
  <datafield tag="700" ind1=" " ind2=" ">
    <subfield code="a">Hess</subfield>
    <subfield code="d">Codice autore testo/musica SPICS: 22510</subfield>
    <subfield code="e">Autore testo/musica</subfield>
    <subfield code="p">Cosa farai di me?</subfield>
    <subfield code="9">3017</subfield>
  </datafield>
  <datafield tag="700" ind1=" " ind2=" ">
    <subfield code="a">Arcangeli Maria Pia</subfield>
    <subfield code="d">Codice autore musica SPICS: 13550</subfield>
    <subfield code="e">Autore musica</subfield>
    <subfield code="p">E' arrivato l'ambasciatore</subfield>
    <subfield code="9">3018</subfield>
  </datafield>
  <datafield tag="700" ind1=" " ind2=" ">
    <subfield code="a">Casiroli Nino</subfield>
    <subfield code="d">Codice autore testo/musica SPICS: 13508</subfield>
    <subfield code="e">Autore testo/musica</subfield>
    <subfield code="p">E' arrivato l'ambasciatore - Tu che ti chiami amor </subfield>
    <subfield code="9">3019</subfield>
  </datafield>
  <datafield tag="700" ind1=" " ind2=" ">
    <subfield code="a">Bertini Umberto</subfield>
    <subfield code="d">Codice autore musica SPICS: 13511</subfield>
    <subfield code="e">Autore musica</subfield>
    <subfield code="p">Un'ora sola ti vorrei</subfield>
    <subfield code="9">3020</subfield>
  </datafield>
  <datafield tag="700" ind1=" " ind2=" ">
    <subfield code="a">Marchetti Gianni</subfield>
    <subfield code="d">Codice autore testo/musica SPICS: 11622</subfield>
    <subfield code="e">Autore testo/musica</subfield>
    <subfield code="p">Un'ora sola ti vorrei</subfield>
    <subfield code="9">3021</subfield>
  </datafield>
  <datafield tag="700" ind1=" " ind2=" ">
    <subfield code="a">Zambrelli</subfield>
    <subfield code="d">Codice autore musica SPICS: 22511</subfield>
    <subfield code="e">Autore musica</subfield>
    <subfield code="p">Ti comprer&#xF2; l'armonica</subfield>
    <subfield code="9">3022</subfield>
  </datafield>
  <datafield tag="700" ind1=" " ind2=" ">
    <subfield code="a">Ruccione Mario</subfield>
    <subfield code="d">Codice autore testo/musica SPICS: 13479</subfield>
    <subfield code="e">Autore testo/musica</subfield>
    <subfield code="p">Ti comprer&#xF2; l'armonica</subfield>
    <subfield code="9">3023</subfield>
  </datafield>
  <datafield tag="942" ind1=" " ind2=" ">
    <subfield code="c">MD</subfield>
    <subfield code="2">ddc</subfield>
  </datafield>
  <datafield tag="952" ind1=" " ind2=" ">
    <subfield code="0">0</subfield>
    <subfield code="1">0</subfield>
    <subfield code="4">0</subfield>
    <subfield code="6">20761_000000000000000</subfield>
    <subfield code="7">1</subfield>
    <subfield code="a">SPICS</subfield>
    <subfield code="b">SPICS</subfield>
    <subfield code="d">2013-10-25</subfield>
    <subfield code="l">0</subfield>
    <subfield code="o">20761</subfield>
    <subfield code="r">2013-10-25 00:00:00</subfield>
    <subfield code="w">2013-10-25</subfield>
    <subfield code="y">MD</subfield>
    <subfield code="z">Progr. Ins.: 4064 / N.Vol.: 1 / Copie: 1 - Copia rara: n.d. / date import: 01.01.2014 - By Epidotti, Trombetti, Vaglietti</subfield>
  </datafield>
</record>
